| 000 | 00409nam a2200169Ia 4500 | ||
|---|---|---|---|
| 003 | OSt | ||
| 005 | 20240208150027.0 | ||
| 008 | 170619s9999 xx 000 0 und d | ||
| 020 | _a9788180542398 | ||
| 040 | _cIIMT ENGINEERING COLLEGE | ||
| 100 | _aAdhikary- M | ||
| 245 | 0 | _aEconomic environment of business | |
| 260 | _bNew Delhi Sultan Chand | ||
| 260 | _c2006 | ||
| 546 | _aENGLISH | ||
| 942 |
_2ddc _c02 |
||
| 999 |
_c22290 _d22290 |
||